Catálogo

El último secreto / (Registro nro. 46539)

Detalles MARC
000 -LEADER
fixed length control field 01504cam a2200409 i 4500
001 - CONTROL NUMBER
control field 46539
003 - CONTROL NUMBER IDENTIFIER
control field Mx-PuUPA
005 - DATE AND TIME OF LATEST TRANSACTION
control field 20260606110700.0
008 - FIXED-LENGTH DATA ELEMENTS--GENERAL INFORMATION
fixed length control field 140415s2025 mx gr 000 f spa d
020 ## - INTERNATIONAL STANDARD BOOK NUMBER
International Standard Book Number 9786073930727
040 ## - CATALOGING SOURCE
Original cataloging agency MX-PuUPA
Language of cataloging spa
Description conventions rda
Transcribing agency Mx-PuUPA
Modifying agency Mx-PuUPA
041 1# - LANGUAGE CODE
Language code of text/sound track or separate title spa
Language code of original eng
100 1# - MAIN ENTRY--PERSONAL NAME
Personal name Brown, Dan,
Dates associated with a name 1964-
9 (RLIN) 9971
Relator term autor
240 14 - UNIFORM TITLE
Uniform title The secret of secrets.
Language of a work Español
245 13 - TITLE STATEMENT
Title El último secreto /
Statement of responsibility, etc. Dan Brown ; traducción de Aleix Montoto y Claudia Conde
250 ## - EDITION STATEMENT
Edition statement Primera edición /
Remainder of edition statement septiembre
264 #1 - PRODUCTION, PUBLICATION, DISTRIBUTION, MANUFACTURE, AND COPYRIGHT NOTICE
Place of production, publication, distribution, manufacture Ciudad de México :
Name of producer, publisher, distributor, manufacturer Editorial Planeta Mexicana,
Date of production, publication, distribution, manufacture, or copyright notice ©2025
300 ## - PHYSICAL DESCRIPTION
Extent 828 páginas ;
Dimensions 23 cm
336 ## - CONTENT TYPE
Fuente rdacontent
Content type term texto
Content type code txt
337 ## - MEDIA TYPE
Source rdamedia
Media type term sin medio
Media type code n
338 ## - CARRIER TYPE
Source rdacarrier
Carrier type term volumen
Carrier type code nc
600 14 - SUBJECT ADDED ENTRY--PERSONAL NAME
Personal name Langdon, Robert (Personaje ficticio)
Form subdivision Novela
650 #7 - SUBJECT ADDED ENTRY--TOPICAL TERM
Source of heading or term armarc
Topical term or geographic name entry element Profesores universitarios
Form subdivision Novela
650 #7 - SUBJECT ADDED ENTRY--TOPICAL TERM
Source of heading or term armarc
Topical term or geographic name entry element Científicas
Form subdivision Novela
650 #7 - SUBJECT ADDED ENTRY--TOPICAL TERM
Source of heading or term armarc
Topical term or geographic name entry element Simbolismo
Form subdivision Novela
650 #7 - SUBJECT ADDED ENTRY--TOPICAL TERM
Source of heading or term armarc
Topical term or geographic name entry element Conciencia
General subdivision Investigación
Form subdivision Novela
650 #7 - SUBJECT ADDED ENTRY--TOPICAL TERM
Source of heading or term armarc
Topical term or geographic name entry element Mente y cuerpo
General subdivision Investigación
Form subdivision Novela
650 #7 - SUBJECT ADDED ENTRY--TOPICAL TERM
Source of heading or term armarc
Topical term or geographic name entry element Personas desaparecidas
Form subdivision Novela
650 #7 - SUBJECT ADDED ENTRY--TOPICAL TERM
Source of heading or term armarc
Topical term or geographic name entry element Misticismo
Form subdivision Novela
700 1# - ADDED ENTRY--PERSONAL NAME
Personal name Montoto, Aleix,
Relator term traductor
700 1# - ADDED ENTRY--PERSONAL NAME
Personal name Conde, Claudia,
Relator term traductor
765 0# - ORIGINAL LANGUAGE ENTRY
Main entry heading Brown, Dan, 1964-
Title The secret of secrets.
942 ## - ADDED ENTRY ELEMENTS (KOHA)
Source of classification or shelving scheme Dewey Decimal Classification
Koha item type Libro
Classification part 813.54
Item part B8618

No hay ítems disponibles.